[Event "Glorney Gilbert International 2016 - Glorney"]
[Site "Daventry"]
[Date "2016.07.18"]
[Round "1.1"]
[White "Koehn, Lennart"]
[Black "Thomas, Ben"]
[Result "1-0"]
[WhiteElo "1952"]
[BlackElo "2005"]
[PlyCount "83"]
[EventDate "2016.07.18"]
[WhiteTeam "Scotland"]
[BlackTeam "Wales"]
[WhiteTeamCountry "SCO"]
[BlackTeamCountry "WLS"]

1. e4 c5 2. Nf3 d6 3. d4 cxd4 4. Nxd4 Nf6 5. Nc3 a6 6. h3 h5 7. Bg5 e6 8. a4
Be7 9. Qd2 e5 10. Nde2 Nbd7 11. Ng3 g6 12. Bc4 Nc5 13. Bxf6 Bxf6 14. Rd1 Be7
15. Nf1 Bd7 16. b3 Rb8 17. Ne3 b5 18. axb5 axb5 19. Bd5 Qa5 20. O-O f5 21. exf5
gxf5 22. f4 Rf8 23. Ne2 Qb6 24. Kh1 e4 25. Nd4 Rc8 26. Qe2 Kd8 27. Qxh5 Nd3 28.
Nexf5 Bxf5 29. Nxf5 Nf2+ 30. Rxf2 Qxf2 31. Nxe7 Kxe7 32. Qg5+ Ke8 33. Qg6+ Kd7
34. Be6+ Kc7 35. Bxc8 Qxf4 36. Bg4 e3 37. Qe6 Rf6 38. Qe7+ Kb6 39. Re1 e2 40.
Qxe2 Ka6 41. Qe3 Qb4 42. Bc8+ 1-0

[Event "Glorney Gilbert International 2016 - Glorney"]
[Site "Daventry"]
[Date "2016.07.18"]
[Round "1.1"]
[White "Evans, James"]
[Black "Pannwitz, Kai"]
[Result "0-1"]
[WhiteElo "1527"]
[BlackElo "1907"]
[PlyCount "61"]
[EventDate "2016.07.18"]
[WhiteTeam "Wales"]
[BlackTeam "Scotland"]

1. e4 c5 2. d4 cxd4 3. c3 g6 4. cxd4 d5 5. exd5 Nf6 6. Qa4+ Nbd7 7. Nc3 Bg7 8.
d6 exd6 9. Nf3 O-O 10. Be2 Nb6 11. Qa3 Re8 12. O-O Nfd5 13. Bb5 Bd7 14. Bxd7
Qxd7 15. Nxd5 Nxd5 16. Qb3 Nb6 17. Bg5 d5 18. Rfe1 Nc4 19. h3 Rac8 20. Rac1 b5
21. Ne5 Qf5 22. f4 f6 23. g4 Qe6 24. Nf3 Qb6 25. Bh4 Re4 26. Bg3 f5 27. Rxe4
fxe4 28. Ne5 Bxe5 29. fxe5 Qxd4+ 30. Kh1 a6 31. Qd1 0-1

[Event "Glorney Gilbert International 2016 - Glorney"]
[Site "Daventry"]
[Date "2016.07.18"]
[Round "1.1"]
[White "Gillies, Craig"]
[Black "Calist, Aron"]
[Result "1/2-1/2"]
[WhiteElo "1630"]
[BlackElo "1500"]
[PlyCount "58"]
[EventDate "2016.07.18"]
[WhiteTeam "Scotland"]
[BlackTeam "Wales"]

1. d4 Nf6 2. c4 c5 3. d5 b5 4. cxb5 a6 5. bxa6 Bxa6 6. b3 d6 7. Bb2 Nbd7 8. Nf3
g6 9. e4 Bxf1 10. Kxf1 Bg7 11. g3 O-O 12. Qe2 Qb6 13. Kg2 Qb4 14. Nbd2 Ra7 15.
Rhc1 Rfa8 16. Rc4 Qb5 17. Nd4 Qb7 18. Nc6 Rxa2 19. Rxa2 Rxa2 20. Nxe7+ Kf8 21.
Bxf6 Bxf6 22. Nc6 Qxb3 23. Nxb3 Rxe2 24. Nc1 Rb2 25. Nd3 Rb6 26. e5 Nxe5 27.
Ndxe5 Bxe5 28. Nxe5 dxe5 29. Rxc5 Rd6 1/2-1/2

[Event "Glorney Gilbert International 2016 - Glorney"]
[Site "Daventry"]
[Date "2016.07.18"]
[Round "1.2"]
[White "O`gorman, Tom"]
[Black "Albaric, Etienne"]
[Result "1-0"]
[WhiteElo "2150"]
[BlackElo "2209"]
[PlyCount "91"]
[EventDate "2016.07.18"]
[WhiteTeam "Ireland"]
[BlackTeam "France"]

1. d4 d5 2. c4 e6 3. Nc3 Be7 4. cxd5 exd5 5. Bf4 c6 6. Qc2 g6 7. e3 Bf5 8. Qd2
Bd6 9. Bxd6 Qxd6 10. Nge2 Nf6 11. Ng3 Be6 12. Bd3 Nbd7 13. Rb1 O-O 14. O-O Ne8
15. b4 a6 16. a4 h5 17. b5 h4 18. Nge2 a5 19. Rfc1 h3 20. g3 Nef6 21. Nf4 Bg4
22. Bf1 Nh7 23. Bxh3 f5 24. Bxg4 fxg4 25. Qc2 Ng5 26. bxc6 bxc6 27. Kg2 Kg7 28.
Rb7 Rf7 29. Nce2 Rc8 30. Ng1 Ne4 31. Qe2 Nef6 32. h3 g5 33. Nd3 Qe6 34. hxg4
Nxg4 35. Nf3 Rh8 36. Rh1 Rxh1 37. Kxh1 Qe4 38. Kg2 Nh6 39. Rxd7 Rxd7 40. Nc5
Qf5 41. Nxd7 Qxd7 42. Ne5 Qe8 43. Qa6 c5 44. Qa7+ Kf6 45. Qxc5 Nf5 46. Qxd5 1-0

[Event "Glorney Gilbert International 2016 - Glorney"]
[Site "Daventry"]
[Date "2016.07.18"]
[Round "1.2"]
[White "Chemla, Oscar"]
[Black "Li, Henry"]
[Result "0-1"]
[WhiteElo "2044"]
[BlackElo "1990"]
[PlyCount "50"]
[EventDate "2016.07.18"]
[WhiteTeam "France"]
[BlackTeam "Ireland"]

1. e4 e5 2. Nf3 Nc6 3. Bc4 Nf6 4. d3 Bc5 5. c3 a6 6. Bb3 Ba7 7. Nbd2 d6 8. h3
h6 9. Nf1 d5 10. Qe2 O-O 11. Ng3 Be6 12. Bc2 b5 13. exd5 Nxd5 14. O-O Re8 15.
Re1 f5 16. Bb3 Qf6 17. Bd2 Bf7 18. Nh2 Rad8 19. Qf3 Nce7 20. Re2 f4 21. Ng4 Qg6
22. Ne4 Nf5 23. g3 h5 24. Nxe5 Rxe5 25. Bxf4 Nh4 0-1

[Event "Glorney Gilbert International 2016 - Glorney"]
[Site "Daventry"]
[Date "2016.07.18"]
[Round "1.2"]
[White "Scott, Luke"]
[Black "Warr-Esser, Alexandre"]
[Result "1-0"]
[WhiteElo "1922"]
[BlackElo "2004"]
[PlyCount "53"]
[EventDate "2016.07.18"]
[WhiteTeam "Ireland"]
[BlackTeam "France"]

1. d4 d5 2. c4 c5 3. cxd5 Nf6 4. Nf3 cxd4 5. Qxd4 Qxd5 6. Nc3 Qxd4 7. Nxd4 a6
8. Bg5 Nbd7 9. e4 e6 10. f3 b5 11. Be2 Bb7 12. a3 Rc8 13. Rc1 Be7 14. Be3 O-O
15. O-O Ne5 16. Rfd1 Rc7 17. Bf4 Nfd7 18. Nd5 Bxd5 19. Rxc7 Bd8 20. Rxd7 Nxd7
21. Bd6 Bc4 22. Bxc4 bxc4 23. Bxf8 Nxf8 24. Nc6 Bf6 25. e5 Bg5 26. f4 Bxf4 27.
Ne7+ 1-0

[Event "Glorney Gilbert International 2016 - Glorney"]
[Site "Daventry"]
[Date "2016.07.18"]
[Round "1.2"]
[White "Boitel, Leo"]
[Black "Beatty, Ross"]
[Result "1-0"]
[WhiteElo "1995"]
[BlackElo "1770"]
[PlyCount "43"]
[EventDate "2016.07.18"]
[WhiteTeam "France"]
[BlackTeam "Ireland"]
[WhiteTeamCountry "IRL"]
[BlackTeamCountry "FRA"]

1. d4 d5 2. Nf3 Nf6 3. e3 e6 4. Bd3 c5 5. b3 Be7 6. O-O Nc6 7. Bb2 O-O 8. Nbd2
Nb4 9. Be2 Qc7 10. a3 Nc6 11. Bd3 cxd4 12. exd4 b6 13. Ne5 a5 14. f4 Ba6 15. c4
Rfd8 16. Ndf3 Qb7 17. Qe2 a4 18. Nxf7 Re8 19. N3g5 Bf8 20. Bxh7+ Nxh7 21. Qh5
Nxg5 22. fxg5 1-0

[Event "Glorney Gilbert International 2016 - Glorney"]
[Site "Daventry"]
[Date "2016.07.18"]
[Round "1.2"]
[White "Mulligan, Scott"]
[Black "Naillou, Thomas"]
[Result "1-0"]
[WhiteElo "1940"]
[BlackElo "1855"]
[PlyCount "69"]
[EventDate "2016.07.18"]
[WhiteTeam "Ireland"]
[BlackTeam "France"]

1. e4 c5 2. Nf3 d6 3. d4 cxd4 4. Nxd4 Nf6 5. Nc3 a6 6. Bg5 e6 7. f4 Be7 8. Qf3
Nbd7 9. O-O-O Qc7 10. Kb1 b5 11. Bd3 b4 12. Nce2 Bb7 13. Ng3 h6 14. Nh5 Nxh5
15. Qxh5 Nc5 16. Bxe7 Qxe7 17. Rhe1 g6 18. Qh3 Qf6 19. Qe3 O-O-O 20. Nb3 Qe7
21. Qd4 Nxb3 22. axb3 a5 23. Qa7 Qc7 24. Ba6 Bxa6 25. Qxa6+ Kb8 26. Rd4 Rd7 27.
Red1 Rhd8 28. g3 h5 29. h3 Qa7 30. Qb5+ Rb7 31. Rxd6 Rxd6 32. Qe8+ Kc7 33. Qe7+
Kc8 34. Qxd6 Rd7 35. Qf8+ 1-0

[Event "Glorney Gilbert International 2016 - Glorney"]
[Site "Daventry"]
[Date "2016.07.18"]
[Round "1.3"]
[White "Ramaiya, Anshu"]
[Black "Brewer, Callum D"]
[Result "1/2-1/2"]
[WhiteElo "1714"]
[BlackElo "1988"]
[PlyCount "67"]
[EventDate "2016.07.18"]
[WhiteTeam "England B"]
[BlackTeam "England"]

1. e4 c6 2. Nc3 d5 3. Nf3 Bg4 4. h3 Bxf3 5. Qxf3 e6 6. d3 Nd7 7. Bd2 Ngf6 8.
O-O-O Bd6 9. g4 h6 10. Be2 d4 11. Nb1 b5 12. Qg2 e5 13. g5 hxg5 14. Bxg5 Qa5
15. Bd2 Qxa2 16. Qxg7 Ke7 17. Qg3 a5 18. Bg5 a4 19. Bg4 Bb4 20. Bxd7 a3 21.
Qxe5+ Kf8 22. Qxd4 axb2+ 23. Qxb2 Qxb2+ 24. Kxb2 Nxd7 25. Bd2 Bd6 26. f4 f6 27.
Rde1 Rh4 28. Ref1 Ke8 29. d4 Nb6 30. Bc1 Nc4+ 31. Kb3 Ra1 32. Nc3 Rxf4 33. Rxf4
Bxf4 34. Ne2 1/2-1/2

[Event "Glorney Gilbert International 2016 - Glorney"]
[Site "Daventry"]
[Date "2016.07.18"]
[Round "1.3"]
[White "Ashworth, Michael J"]
[Black "Davis, Holden"]
[Result "1/2-1/2"]
[WhiteElo "1884"]
[BlackElo "1708"]
[PlyCount "70"]
[EventDate "2016.07.18"]
[WhiteTeam "England"]
[BlackTeam "England B"]

1. e4 e6 2. d3 d5 3. Nd2 Nf6 4. Ngf3 Be7 5. g3 Nc6 6. Bg2 dxe4 7. dxe4 e5 8.
O-O Bc5 9. c3 a5 10. Qc2 O-O 11. Nc4 Qe7 12. a4 Rd8 13. Nh4 b6 14. Ne3 Ba6 15.
Re1 Bd3 16. Qb3 Bxe3 17. Bxe3 Nxe4 18. Rad1 Nc5 19. Qa3 e4 20. Bxc5 Qxc5 21.
Qxc5 bxc5 22. Bxe4 Bxe4 23. Rxd8+ Nxd8 24. Rxe4 Ne6 25. f4 Rb8 26. f5 Ng5 27.
Re5 f6 28. Re2 Kf7 29. Ng2 Nf3+ 30. Kf2 Ne5 31. Nf4 c4 32. Rd2 g5 33. fxg6+
hxg6 34. Ke3 Re8 35. Kf2 Rb8 1/2-1/2

[Event "Glorney Gilbert International 2016 - Glorney"]
[Site "Daventry"]
[Date "2016.07.18"]
[Round "1.3"]
[White "Forster, Matthew"]
[Black "Jina, Taran"]
[Result "1-0"]
[WhiteElo "1733"]
[BlackElo "1764"]
[PlyCount "67"]
[EventDate "2016.07.18"]
[WhiteTeam "England B"]
[BlackTeam "England"]

1. c4 e5 2. g3 Nf6 3. Bg2 d5 4. cxd5 Nxd5 5. Nc3 Nb6 6. Nf3 Nc6 7. d3 Be7 8.
O-O O-O 9. a3 a5 10. Be3 Nd5 11. Nxd5 Qxd5 12. Nd4 Qd7 13. Nxc6 bxc6 14. Rc1
Ra6 15. Qa4 Bb7 16. Rc2 h6 17. Rfc1 Rb8 18. b3 Qe6 19. Rc4 f5 20. R1c3 g5 21.
Bc5 Bf6 22. e3 Kg7 23. b4 Rba8 24. Qc2 e4 25. dxe4 Bxc3 26. Qxc3+ Kf7 27. exf5
Qxf5 28. Re4 Re8 29. Qc4+ Re6 30. Rd4 Ke8 31. Be4 Qf7 32. Qd3 Qf6 33. Bf5 Re5
34. Bg6+ 1-0

[Event "Glorney Gilbert International 2016 - Glorney"]
[Site "Daventry"]
[Date "2016.07.18"]
[Round "1.3"]
[White "Green, Michael"]
[Black "Cocks, Elliot"]
[Result "1/2-1/2"]
[WhiteElo "1890"]
[BlackElo "1756"]
[PlyCount "138"]
[EventDate "2016.07.18"]
[WhiteTeam "England"]
[BlackTeam "England B"]

1. Nf3 Nf6 2. c4 g6 3. b4 Bg7 4. Bb2 O-O 5. g3 b6 6. Bg2 Bb7 7. O-O c5 8. a3
Na6 9. Qb3 d5 10. d3 Rc8 11. Nc3 Nb8 12. Nd2 dxc4 13. Nxc4 Bxg2 14. Kxg2 Nd5
15. b5 Nxc3 16. Bxc3 Qd5+ 17. Kg1 Rfd8 18. a4 Nd7 19. Bxg7 Kxg7 20. Rfb1 Kg8
21. a5 Ra8 22. Ra3 h5 23. Rba1 h4 24. Qa2 Rab8 25. axb6 axb6 26. Ne3 Qxa2 27.
R1xa2 hxg3 28. hxg3 Ne5 29. f4 Nd7 30. Nc4 Rb7 31. Ra6 Kg7 32. Kf2 Rh8 33. Kf3
f5 34. Ra7 Rhb8 35. g4 fxg4+ 36. Kxg4 Nf6+ 37. Kf3 Nd5 38. Rxb7 Rxb7 39. Ra6
Nc3 40. Rxb6 Rxb6 41. Nxb6 Nxb5 42. Nd7 Nd4+ 43. Ke3 Ne6 44. Ke4 g5 45. fxg5
Nxg5+ 46. Kf5 Nh3 47. Nxc5 Kf7 48. Ne6 Ng1 49. Ng5+ Ke8 50. e4 Ne2 51. Ke5 Nc1
52. d4 Nd3+ 53. Kf5 Nb4 54. Nf3 Kd7 55. Ne5+ Kd6 56. Nc4+ Kc7 57. Ke6 Kd8 58.
Ne5 Ke8 59. d5 Na6 60. Nc6 Nc5+ 61. Kf5 Kd7 62. Ne5+ Kd6 63. Nf7+ Kd7 64. e5
e6+ 65. dxe6+ Nxe6 66. Kf6 Nc5 67. Ng5 Ke8 68. Ne6 Nd7+ 69. Kf5 Nxe5 1/2-1/2

[Event "Glorney Gilbert International 2016 - Glorney"]
[Site "Daventry"]
[Date "2016.07.18"]
[Round "1.3"]
[White "Ashworth, Robert M"]
[Black "Jain, Gautam R"]
[Result "1/2-1/2"]
[WhiteElo "1560"]
[BlackElo "1838"]
[PlyCount "139"]
[EventDate "2016.07.18"]
[WhiteTeam "England B"]
[BlackTeam "England"]

1. e4 e5 2. Nf3 Nc6 3. Bc4 Be7 4. O-O Nf6 5. d3 O-O 6. c3 d6 7. Bb3 Bg4 8. Nbd2
Nd7 9. Re1 Nc5 10. Bc2 d5 11. exd5 Qxd5 12. Ne4 Rad8 13. c4 Qd7 14. Nxc5 Bxc5
15. Be3 Bd4 16. Rb1 Qf5 17. a3 Qg6 18. Qe2 Rd6 19. Nh4 Qh5 20. f3 Bd7 21. g3 g5
22. Ng2 g4 23. Nh4 Rf6 24. Bd1 gxf3 25. Nxf3 Bg4 26. Rf1 e4 27. Nxd4 Bxe2 28.
Bxe2 Rxf1+ 29. Rxf1 Qe5 30. Rf5 exd3 31. Rxe5 Nxe5 32. Bf1 Rd8 33. Kf2 Nxc4 34.
Bxd3 Nxb2 35. Be2 b6 36. Nb5 Nd1+ 37. Bxd1 Rxd1 38. Nxc7 Rb1 39. Bd2 Rh1 40.
Kg2 Ra1 41. Bb4 Ra2+ 42. Kh3 Kg7 43. g4 Kf6 44. Bd6 Rd2 45. Bb4 Rd3+ 46. Kg2 a5
47. Bf8 Rd8 48. Bh6 Ke5 49. Be3 Rc8 50. Bxb6 a4 51. Ba5 Kf4 52. h3 Ke4 53. Nb5
Rc5 54. Nd6+ Kd5 55. Bb4 Kxd6 56. Bxc5+ Kxc5 57. Kf3 Kc4 58. Ke4 Kb3 59. Kd3 f6
60. h4 h6 61. Kd4 Kxa3 62. Kc3 Ka2 63. Kc2 Ka3 64. Kc3 Ka2 65. Kc2 Ka1 66. Kc1
a3 67. h5 Ka2 68. Kc2 Ka1 69. Kc1 Ka2 70. Kc2 1/2-1/2

[Event "Glorney Gilbert International 2016 - Glorney"]
[Site "Daventry"]
[Date "2016.07.18"]
[Round "2.1"]
[White "Thomas, Ben"]
[Black "Brewer, Callum D"]
[Result "0-1"]
[WhiteElo "2005"]
[BlackElo "1988"]
[PlyCount "50"]
[EventDate "2016.07.18"]
[WhiteTeam "Wales"]
[BlackTeam "England"]

1. e4 c6 2. d4 d5 3. exd5 cxd5 4. c4 Nf6 5. Nc3 Nc6 6. Be3 e6 7. Nf3 Be7 8. c5
O-O 9. Be2 Ne4 10. Rc1 f5 11. O-O Kh8 12. a3 g5 13. h3 Bf6 14. Rc2 Qe7 15. Qd3
Qg7 16. Rd1 Rg8 17. Bf1 h5 18. Ne2 f4 19. Bc1 g4 20. Nxf4 gxf3 21. Nxh5 Qg6 22.
Nf4 Qh7 23. Be3 Bd7 24. Kh2 e5 25. Nxd5 fxg2 0-1

[Event "Glorney Gilbert International 2016 - Glorney"]
[Site "Daventry"]
[Date "2016.07.18"]
[Round "2.1"]
[White "Ashworth, Michael J"]
[Black "Evans, James"]
[Result "1-0"]
[WhiteElo "1884"]
[BlackElo "1527"]
[PlyCount "71"]
[EventDate "2016.07.18"]
[WhiteTeam "England"]
[BlackTeam "Wales"]

1. d4 Nf6 2. c4 e6 3. Nc3 d5 4. Bg5 Be7 5. e3 O-O 6. Nf3 Nbd7 7. Rc1 b6 8. cxd5
exd5 9. Bd3 Bb7 10. O-O c5 11. Qe2 Re8 12. Ba6 Qc7 13. Bf4 Qc8 14. Bxb7 Qxb7
15. dxc5 bxc5 16. Qb5 Qb6 17. Rfd1 Rac8 18. a4 a6 19. Qxb6 Nxb6 20. a5 Nc4 21.
Nxd5 Nxd5 22. Rxc4 Nxf4 23. Rxf4 Rb8 24. Re4 Kf8 25. Ne5 Red8 26. Rxd8+ Rxd8
27. Kf1 Bf6 28. Nc4 Rb8 29. Nb6 Rd8 30. Na4 Rc8 31. Rc4 Be7 32. b4 Ke8 33. bxc5
Bd8 34. Nb6 Rc6 35. Re4+ Be7 36. Nd5 1-0

[Event "Glorney Gilbert International 2016 - Glorney"]
[Site "Daventry"]
[Date "2016.07.18"]
[Round "2.1"]
[White "Calist, Aron"]
[Black "Jain, Gautam R"]
[Result "0-1"]
[WhiteElo "1500"]
[BlackElo "1838"]
[PlyCount "96"]
[EventDate "2016.07.18"]
[WhiteTeam "Wales"]
[BlackTeam "England"]

1. e4 e5 2. Nf3 Nc6 3. Bc4 Be7 4. d4 exd4 5. c3 Nf6 6. e5 Ne4 7. cxd4 d5 8. Bb5
O-O 9. O-O Bg4 10. Nc3 Bxf3 11. Qxf3 Nxd4 12. Qd3 Nxc3 13. bxc3 Nxb5 14. Qxb5
b6 15. Rd1 Bc5 16. Qa4 f6 17. e6 Re8 18. Qg4 c6 19. Bh6 Qe7 20. Re1 f5 21. Qg3
Bd6 22. Bf4 Bxf4 23. Qxf4 Qf6 24. Qe5 Qxe5 25. Rxe5 g6 26. Rae1 Re7 27. f3 Rae8
28. g4 fxg4 29. fxg4 h6 30. h4 Rf8 31. Rf1 Rxf1+ 32. Kxf1 Kf8 33. Ke2 Ke8 34.
h5 g5 35. Ke3 Kd8 36. Kd4 Kc7 37. Rf5 Kd6 38. Kd3 Rxe6 39. Rf7 a5 40. Rb7 Kc5
41. Rg7 Re4 42. Rg6 Rxg4 43. Rxh6 Rg3+ 44. Kc2 Rh3 45. Rh7 Kc4 46. h6 Rh2+ 47.
Kd1 Kxc3 48. Rc7 Rxh6 0-1

[Event "Glorney Gilbert International 2016 - Glorney"]
[Site "Daventry"]
[Date "2016.07.18"]
[Round "2.2"]
[White "Albaric, Etienne"]
[Black "Ramaiya, Anshu"]
[Result "1-0"]
[WhiteElo "2209"]
[BlackElo "1714"]
[PlyCount "93"]
[EventDate "2016.07.18"]
[WhiteTeam "France"]
[BlackTeam "England B"]

1. e4 c5 2. Nf3 Nc6 3. Bb5 g6 4. O-O Bg7 5. c3 Nf6 6. d4 cxd4 7. cxd4 a6 8. Bd3
O-O 9. Nc3 d6 10. h3 b5 11. Be3 Bb7 12. Rc1 Rc8 13. a4 b4 14. Ne2 a5 15. Nd2
Ba8 16. f4 e6 17. Ng3 Nd7 18. Nf3 Qe7 19. Qd2 Nf6 20. Rce1 d5 21. e5 Nd7 22.
Nh2 Nb6 23. b3 f5 24. exf6 Qxf6 25. Ng4 Qd8 26. Qf2 Ne7 27. Bd2 Nf5 28. Nxf5
exf5 29. Ne5 Nd7 30. Rc1 Rxc1 31. Rxc1 Nf6 32. Kh2 Ne4 33. Qe3 Re8 34. Be1 Qb6
35. Bb5 Rd8 36. Bh4 Bf6 37. Bxf6 Qxf6 38. Rc7 Qb6 39. Re7 Qd6 40. Ra7 Qb6 41.
Ra6 Qc7 42. Qe1 Bb7 43. Re6 Qc8 44. Re7 Nf6 45. Qh4 Rf8 46. Qh6 Nh5 47. Qxh7#
1-0

[Event "Glorney Gilbert International 2016 - Glorney"]
[Site "Daventry"]
[Date "2016.07.18"]
[Round "2.2"]
[White "Davis, Holden"]
[Black "Chemla, Oscar"]
[Result "0-1"]
[WhiteElo "1708"]
[BlackElo "2044"]
[PlyCount "74"]
[EventDate "2016.07.18"]
[WhiteTeam "England B"]
[BlackTeam "France"]

1. e4 c5 2. d4 cxd4 3. c3 Nf6 4. e5 Nd5 5. Qxd4 e6 6. Nf3 Nc6 7. Qe4 d6 8. Nbd2
Qc7 9. exd6 Bxd6 10. Nc4 Be7 11. Bd3 b6 12. Nce5 Bb7 13. Bb5 Bf6 14. O-O O-O-O
15. Nxc6 Bxc6 16. Bxc6 Qxc6 17. c4 Nb4 18. Qxc6+ Nxc6 19. Ng5 Rd7 20. Ne4 Bd4
21. Rb1 Nb4 22. Bd2 Nd3 23. Bc3 f5 24. Bxd4 Rxd4 25. Ng5 e5 26. b4 Kd7 27. Rfd1
e4 28. c5 Ke7 29. a3 h6 30. Nh3 g5 31. Kf1 Rc8 32. f4 bxc5 33. bxc5 Rxc5 34.
Rb7+ Kf6 35. Rxa7 Rc2 36. Ra6+ Kg7 37. fxg5 h5 0-1

[Event "Glorney Gilbert International 2016 - Glorney"]
[Site "Daventry"]
[Date "2016.07.18"]
[Round "2.2"]
[White "Warr-Esser, Alexandre"]
[Black "Forster, Matthew"]
[Result "1-0"]
[WhiteElo "2004"]
[BlackElo "1733"]
[PlyCount "103"]
[EventDate "2016.07.18"]
[WhiteTeam "France"]
[BlackTeam "England B"]

1. e4 Nf6 2. e5 Nd5 3. d4 d6 4. Nf3 Nc6 5. c4 Nb6 6. e6 fxe6 7. Nc3 g6 8. h4
Bg7 9. h5 e5 10. d5 Nd4 11. hxg6 hxg6 12. Rxh8+ Bxh8 13. Bd3 e6 14. Bxg6+ Kd7
15. Nxd4 exd4 16. dxe6+ Ke7 17. Nd5+ Nxd5 18. cxd5 Bf6 19. Qh5 Qh8 20. Bh7 Qe8
21. Qf5 Qf8 22. Bg6 c6 23. Bf7 Qg7 24. g4 Qxf7 25. g5 Bxe6 26. dxe6 Qxe6+ 27.
Qxe6+ Kxe6 28. gxf6 Kxf6 29. Bf4 d5 30. Kd2 Kf5 31. Bd6 b6 32. Re1 Rd8 33. Bg3
Rd7 34. Re5+ Kf6 35. Rh5 c5 36. Rh6+ Kf5 37. Rd6 Rxd6 38. Bxd6 a6 39. Kd3 Kg4
40. Bc7 b5 41. Bb6 c4+ 42. Kxd4 b4 43. Kxd5 c3 44. bxc3 bxc3 45. Be3 Kf3 46.
Kc5 c2 47. Kb6 c1=Q 48. Bxc1 Kxf2 49. Kxa6 Kf3 50. Kb7 Ke4 51. a4 Kd5 52. a5
1-0

[Event "Glorney Gilbert International 2016 - Glorney"]
[Site "Daventry"]
[Date "2016.07.18"]
[Round "2.2"]
[White "Cocks, Elliot"]
[Black "Boitel, Leo"]
[Result "0-1"]
[WhiteElo "1756"]
[BlackElo "1995"]
[PlyCount "40"]
[EventDate "2016.07.18"]
[WhiteTeam "England B"]
[BlackTeam "France"]

1. d4 d5 2. c4 dxc4 3. Nf3 Nf6 4. e3 e6 5. Bxc4 a6 6. a4 c5 7. Nc3 Be7 8. O-O
O-O 9. Qe2 Nc6 10. Rd1 cxd4 11. exd4 Nb4 12. Ne5 Bd7 13. d5 exd5 14. Nxd5 Nfxd5
15. Bxd5 Nxd5 16. Rxd5 Bg4 17. Qc4 Qxd5 18. Qxd5 Rad8 19. Qb3 Rd1+ 20. Qxd1
Bxd1 0-1

[Event "Glorney Gilbert International 2016 - Glorney"]
[Site "Daventry"]
[Date "2016.07.18"]
[Round "2.2"]
[White "Naillou, Thomas"]
[Black "Ashworth, Robert M"]
[Result "1-0"]
[WhiteElo "1855"]
[BlackElo "1560"]
[PlyCount "125"]
[EventDate "2016.07.18"]
[WhiteTeam "France"]
[BlackTeam "England B"]
[WhiteTeamCountry "FRA"]

1. e4 e5 2. Nf3 Nc6 3. Bc4 Bc5 4. d3 h6 5. c3 Nf6 6. Nbd2 d6 7. Bb3 Be6 8. Bc2
O-O 9. Nf1 a5 10. Ng3 d5 11. Qe2 Re8 12. O-O Qd7 13. h3 Rad8 14. Kh2 b5 15. Rd1
Qc8 16. Nh4 b4 17. Qf3 Ng4+ 18. Kg1 Nxf2 19. Kh2 Nxd1 20. Ngf5 Bxf5 21. Nxf5
Qe6 22. exd5 Rxd5 23. Bb3 Red8 24. Bxd5 Rxd5 25. Bxh6 gxh6 26. Rxd1 Ne7 27.
Qg3+ Qg6 28. Nxh6+ Kg7 29. Ng4 f5 30. c4 f4 31. Qe1 Rxd3 32. Qxe5+ Kf7 33. Qxc5
Ke8 34. Qb5+ Kf8 35. Rf1 Qd6 36. Qe5 Qxe5 37. Nxe5 Rd4 38. b3 Re4 39. Nd3 Ng6
40. Rf2 Ke7 41. h4 Rd4 42. h5 Rxd3 43. hxg6 Kf6 44. Rxf4+ Kxg6 45. Rf2 a4 46.
bxa4 Ra3 47. Rb2 c5 48. Rd2 Rxa4 49. Rd6+ Kg7 50. Rc6 Rxa2 51. Rxc5 Rc2 52.
Rc7+ Kf6 53. c5 b3 54. Rb7 Rxc5 55. Rxb3 Kg5 56. Kh3 Rc4 57. Rb5+ Kg6 58. g3
Rd4 59. Rb8 Kg5 60. Rg8+ Kh6 61. Rf8 Kg6 62. Rc8 Kh6 63. Rc6+ 1-0

[Event "Glorney Gilbert International 2016 - Glorney"]
[Site "Daventry"]
[Date "2016.07.18"]
[Round "2.3"]
[White "Koehn, Lennart"]
[Black "O`gorman, Tom"]
[Result "1-0"]
[WhiteElo "1952"]
[BlackElo "2150"]
[PlyCount "85"]
[EventDate "2016.07.18"]
[WhiteTeam "Scotland"]
[BlackTeam "Ireland"]

1. e4 e6 2. d4 d5 3. Nc3 Bb4 4. e5 c5 5. Bd2 cxd4 6. Nb5 Bc5 7. b4 Be7 8. Nxd4
Nc6 9. Nxc6 bxc6 10. Qg4 g6 11. Nf3 h5 12. Qf4 Nh6 13. Bd3 Nf5 14. O-O a5 15.
a3 Ba6 16. Bxa6 Rxa6 17. c4 Ra8 18. cxd5 cxd5 19. b5 a4 20. Bb4 O-O 21. Rab1
Bxb4 22. Rxb4 Qb6 23. h3 Kh7 24. Rfb1 Ra5 25. g4 Ng7 26. Qd4 Qb7 27. b6 Rc8 28.
Qe3 Rc4 29. Rxc4 dxc4 30. Nd2 hxg4 31. hxg4 Ne8 32. Nxc4 Rd5 33. Qf3 Kg7 34.
Ne3 Nc7 35. Nxd5 Nxd5 36. Qe4 g5 37. Kh2 Kg8 38. Kg3 Kg7 39. f3 Kh6 40. Rb2 Qb8
41. Rh2+ Kg7 42. Qh7+ Kf8 43. Qh8+ 1-0

[Event "Glorney Gilbert International 2016 - Glorney"]
[Site "Daventry"]
[Date "2016.07.18"]
[Round "2.3"]
[White "Li, Henry"]
[Black "Pannwitz, Kai"]
[Result "1-0"]
[WhiteElo "1990"]
[BlackElo "1907"]
[PlyCount "69"]
[EventDate "2016.07.18"]
[WhiteTeam "Ireland"]
[BlackTeam "Scotland"]

1. e4 c5 2. Nc3 a6 3. f4 b5 4. g3 Bb7 5. Bg2 e6 6. d3 d5 7. Qe2 Nc6 8. Nf3 Nd4
9. Nxd4 cxd4 10. Nd1 Rc8 11. O-O dxe4 12. dxe4 Bc5 13. Nf2 Qc7 14. Nd3 Ba7 15.
Bd2 Nf6 16. g4 O-O 17. g5 Nd7 18. Rf3 Qxc2 19. Rh3 Rfe8 20. Rd1 g6 21. Rc1 Qa4
22. Rf1 Rc2 23. Qf2 Re7 24. Qh4 Nf8 25. Qe1 Kg7 26. Bb4 Re8 27. Bf3 a5 28. Bd6
Nd7 29. Qh4 h5 30. gxh6+ Kh7 31. Kh1 Qc4 32. Rd1 Bb6 33. Be7 Bc7 34. Nc5 Rxe7
35. Qxe7 1-0

[Event "Glorney Gilbert International 2016 - Glorney"]
[Site "Daventry"]
[Date "2016.07.18"]
[Round "2.3"]
[White "Bond, Alexander"]
[Black "Scott, Luke"]
[Result "0-1"]
[WhiteElo "1937"]
[BlackElo "1922"]
[PlyCount "80"]
[EventDate "2016.07.18"]
[WhiteTeam "Scotland"]
[BlackTeam "Ireland"]

1. d4 d5 2. Bf4 Nf6 3. e3 c5 4. c3 Qb6 5. Qb3 c4 6. Qxb6 axb6 7. Nd2 Bf5 8.
Ngf3 h6 9. Be2 Nc6 10. O-O b5 11. Ne5 e6 12. Rfc1 Be7 13. h3 O-O 14. g4 Bh7 15.
g5 hxg5 16. Bxg5 Rfe8 17. Nxc6 bxc6 18. h4 Nd7 19. Bxe7 Rxe7 20. f4 c5 21. Nf3
f6 22. Bd1 b4 23. dxc5 bxc3 24. Rxc3 Nxc5 25. Nd2 Rb7 26. b3 cxb3 27. Bxb3 Nxb3
28. Rxb3 Rxb3 29. Nxb3 Ra3 30. Kf2 Kf7 31. Nd4 e5 32. fxe5 fxe5 33. Nf3 Kf6 34.
Ke2 Bd3+ 35. Kd2 Bc4 36. h5 Rxa2+ 37. Rxa2 Bxa2 38. Kc3 Bc4 39. e4 Be2 40. h6
gxh6 0-1

[Event "Glorney Gilbert International 2016 - Glorney"]
[Site "Daventry"]
[Date "2016.07.18"]
[Round "2.3"]
[White "Beatty, Ross"]
[Black "D Costa, Leston"]
[Result "0-1"]
[WhiteElo "1770"]
[BlackElo "1557"]
[PlyCount "66"]
[EventDate "2016.07.18"]
[WhiteTeam "Ireland"]
[BlackTeam "Scotland"]

1. Nf3 f5 2. g3 e6 3. Bg2 Nf6 4. O-O d5 5. d3 Bd6 6. Nbd2 O-O 7. c4 c6 8. Qc2
f4 9. c5 Bc7 10. d4 Qe7 11. b4 Nbd7 12. Bb2 e5 13. dxe5 Nxe5 14. gxf4 Nxf3+ 15.
Nxf3 Bxf4 16. a4 Bg4 17. Ra3 Bxf3 18. Bxf3 Ne4 19. Bxe4 dxe4 20. Qc4+ Kh8 21.
Kh1 Qh4 22. h3 Rae8 23. Rg1 Re7 24. Rg2 Qh6 25. e3 Qxh3+ 26. Kg1 Be5 27. Bxe5
Rxe5 28. Qd4 Qh5 29. b5 Rg8 30. Rh2 Rg5+ 31. Rg2 Rd5 32. Rh2 Qg6+ 33. Rg2 Rxd4
0-1